Условие "принципа независимости" при газотермическом напылении; Современные технологии и материалы новых поколений

التفاصيل البيبلوغرافية
Parent link:Современные технологии и материалы новых поколений.— 2017.— [С. 155-156]
المؤلف الرئيسي: Васильева М. П.
مؤلف مشترك: Национальный исследовательский Томский политехнический университет (ТПУ)
الملخص:Заглавие с экрана
اللغة:الروسية
منشور في: 2017
سلاسل:Функциональные материалы и покрытия
الموضوعات:
الوصول للمادة أونلاين:http://earchive.tpu.ru/handle/11683/43825
التنسيق: الكتروني فصل الكتاب
KOHA link:https://koha.lib.tpu.ru/cgi-bin/koha/opac-detail.pl?biblionumber=624082

MARC

LEADER 00000naa2a2200000 4500
001 624082
005 20231101133308.0
035 |a (RuTPU)RU\TPU\conf\23295 
035 |a RU\TPU\conf\23294 
090 |a 624082 
100 |a 20171030d2017 k y0rusy50 ca 
101 0 |a rus  |e rus 
102 |a RU 
105 |a y z 101zy 
135 |a drcn ---uucaa 
181 0 |a i  
182 0 |a b 
200 1 |a Условие "принципа независимости" при газотермическом напылении  |f М. П. Васильева 
203 |a Текст  |c электронный 
225 1 |a Функциональные материалы и покрытия 
230 |a 1 компьютерный файл (pdf; 252 Кб) 
300 |a Заглавие с экрана 
320 |a [Библиогр.: с. 156 (5 назв.)] 
463 0 |0 (RuTPU)RU\TPU\conf\23187  |t Современные технологии и материалы новых поколений  |o сборник трудов Международной конференции с элементами научной школы для молодежи, г. Томск, 9-13 октября 2017 г.  |f Национальный исследовательский Томский политехнический университет (ТПУ) ; Российская академия наук (РАН), Сибирское отделение (СО), Институт физики прочности и материаловедения (ИФПМ)  |v [С. 155-156]  |d 2017 
610 1 |a электронный ресурс 
610 1 |a газотермическое напыление 
610 1 |a покрытия 
610 1 |a порошки 
610 1 |a напыление 
610 1 |a производительность 
700 1 |a Васильева  |b М. П. 
712 0 2 |a Национальный исследовательский Томский политехнический университет (ТПУ)  |c (2009- )  |2 stltpush  |3 (RuTPU)RU\TPU\col\15902 
801 2 |a RU  |b 63413507  |c 20171103  |g RCR 
856 4 |u http://earchive.tpu.ru/handle/11683/43825 
942 |c BK